| 000 | 00474nam a2200145Ia 4500 | ||
|---|---|---|---|
| 008 | 171212s9999 xx 000 0 und d | ||
| 020 | _a9781845454180 | ||
| 100 | _aGemunden, Gerd | ||
| 245 |
_cGemunden, Gerd _aA Foreign Affair _bBilly Wilder's American Films |
||
| 260 |
_bBerghahn Books _c2008 |
||
| 440 | _aFilm Europa | ||
| 650 | _aFilm Studies | ||
| 650 | _aWilder, Billy, 1906-2002 -- Criticism and interpretation | ||
| 856 | _uhttp://www.jstor.org/stable/j.ctt9qcq5c | ||
| 999 |
_c351430 _d351430 |
||